Risk philosophy: An enquiry into risks and uncertainties in agriculture and the role of credit (Record no. 44206)

MARC details
000 -LEADER
fixed length control field 00418nam a2200121Ia 4500
082 ## - DEWEY DECIMAL CLASSIFICATION NUMBER
Classification number 338.43.01
Item number NAB.41
100 ## - MAIN ENTRY--AUTHOR NAME
Personal name Mujumdar, N A
245 #0 - TITLE STATEMENT
Title Risk philosophy: An enquiry into risks and uncertainties in agriculture and the role of credit
260 ## - PUBLICATION, DISTRIBUTION, ETC. (IMPRINT)
Place of publication Mumbai
Name of publisher National Bank for Agriculture & Rural Development
Year of publication 2005
490 ## - SERIES STATEMENT
Series statement Occasional paper.41
942 ## - ADDED ENTRY ELEMENTS (KOHA)
Koha item type Books
Holdings
Withdrawn status Lost status Damaged status Not for loan Home library Current library Date acquired Source of acquisition Full call number Accession Number Koha item type
        RRII Library RRII Library 16/12/2021 Gift 338.43.01 NAB.41 G00954 Books